00386nam a2200157 a 450000100060000000300090000600800410001502000150005604000280007108200090009910000150010824500280012326000340015130000110018565000320019618099CO-ViMGA141112s2004 ck r 000 u spa d a9587040155 aCO-ViMGAbspacCO-ViMGA04aFINb1 aFine, Anne10aBilly y el vestido rosa aBogotá, cAlfaguara, c2002 a100.p.14aCUENTOS INFANTILES INGLESES